000 01122nam a2200217 u 4500
005 20220819103546.0
008 191112s2004 mx a r 000 0 spa d
035 _aUPN01000234006
040 _aMX-MxUPN
_bspa
_cMX-MxUPN
050 4 _aND258
_bV57
245 1 0 _aVisión comtemporanea de la plástica de la revolución mexicana /
_bpresentación de la Dra. Guadalupe Rivera Marín ; prólogo del Dr. Gerardo Estrada Rodríguez.
260 _aMéxico :
_bSecretaría de Gobernación :
_bInstituto de Estudios Históricos de la Revolución Mexicana :
_bConsejo Nacional para la Cultura y las Artes, Instituto Nacional de Bellas Artes :
_bPolyforum Cultural Siqueiros,
_c199?
300 _a28 páginas :
_bilustraciones (principalmente en blanco y negro)
650 0 _945461
_aPintura mural mexicana
651 0 _945462
_aMéxico
_xHistoria
_yRevolución, 1910-1920
_xArte y revolución
700 1 _943665
_aRivera Marín, Guadalupe,
_d1924-
_eautora de la presentación
700 1 _aEstrada Rodríguez, Gerardo,
_d1946-
_eescritor de prólogo
_945463
905 _aFolleto
942 _n0
_cFOLL
_2lcc
999 _c206101
_d206101